Govt. of
Madhya Pradesh

Political Thought Of Swami Dayanand Sarawat & Swami Vivekanand (Record no. 68120)

MARC details
000 -LEADER
fixed length control field 00284nam a22001097a 4500
082 ## - DEWEY DECIMAL CLASSIFICATION NUMBER
Classification number 320/MAH
100 ## - MAIN ENTRY--AUTHOR NAME
Personal name Mahajan,Raj.k
245 ## - TITLE STATEMENT
Title Political Thought Of Swami Dayanand Sarawat & Swami Vivekanand
260 ## - PUBLICATION, DISTRIBUTION, ETC. (IMPRINT)
Place of publication Delhi
Name of publisher Corvette Press
Year of publication 2022
650 ## - SUBJECT ADDED ENTRY--TOPICAL TERM
Topical Term Political
942 ## - ADDED ENTRY ELEMENTS (KOHA)
Koha item type Books
Holdings
Withdrawn status Lost status Damaged status Not for loan Home library Current library Date acquired Cost, normal purchase price Full call number Accession Number Price effective from Koha item type
        MACL MACL 14/09/2025 995.00 320/MAH CRE040302 14/09/2025 Books